000 02922nam a2200253Ia 4500
003 OSt
005 20210727134957.0
008 210310s1990 cl gr 000 0dspa d
020 _a9561205679
040 _aCO-JMCR
_cCO-JMCR
041 0 _aspa
082 0 4 _a332.673 /
_bA365m
_223
100 1 _aAldunate, Rafael,
_916518
_eautor
245 1 3 _aEl mundo en Chile :
_bla inversión extranjera /
_cRafael Aldunate
250 _a1° edición
260 _aSantiago de Chile :
_bZig-Zag,
_c1990
300 _a211 páginas ;
_c21 cm.
490 0 _aColección Temas de Hoy
500 _aIncluye datos biográficos del autor.
505 0 _aLas multinacionales en la economía mundial -- Las dos caras de Chile -- El D.L. 600: Un decreto sin prejuicios -- Novedosas formas de captar inversiones -- Japón y EE.UU., gigantes que se hacen sombra -- Entorno para atraer inversión extranjera -- Europa Oriental: ¿Polo de atracción y competencia? -- Beneficios de la inversión extranjera -- Dogmatismos y prejuicios -- Fundamentos económicos de la inversión foránea -- La minería recupera su esplendor -- Ayuda o inversión: opción del desarrollo -- Multinacionales, recesión e integración -- El Boom de los servicios -- Dictadura del aporte tecnológico -- Inversiones forestales: puertas al tercer milenio -- Visión y presencia de quienes invierten en Chile -- Chile, primer receptor de inversiones -- Desplazamiento de capitales mundiales
520 3 _aLe conviene a Chile la Inversión Extranjera Directa? ¿Qué exigimos a quienes pretenden invertir en nuestro país? Las multinacionales, ¿se llevan el ciento por ciento de las utilidades o reinvierten cierta parte en las naciones donde operan? ¿Influyen estos poderosos consorcios en las decisiones políticas de los países, y de Chile en particular? ¿Es cierto que casi siempre adquieren empresas locales en funcionamiento? ¿Cuáles son los principales inversionistas y receptores de inversión? Dentro de las estrategias globales de las multinacionales, ¿afectará a Chile la apertura de Europa Oriental? ¿Cómo nos visualizan las empresas extranjeras que operan en nuestro país? A éstas, y a otra cincuentena de interrogantes acerca del papel y del comportamiento de la Inversión Extranjera en Chile y en el mundo, intenta responder el presente libro. Escrita sin academismos ni tecnicismos, la obra difunde y clarifica el quehacer y las tendencias de la Inversión Extranjera, evalúa los beneficios que ha aportado al país, divulga el trato y el ambiente que se necesitan para atraer a los inversionistas, y describe-entre otras materias-las formas e instrumentos que permiten captarlos. Un libro, en suma, que trata sobre una de las necesidades primordiales de los países como el nuestro, y que postula que ya podemos hablar de "Chile, el mundo en un país".
650 1 4 _aInversiones Extranjeras
_916520
_zChile
942 _2ddc
_cBK
999 _c8168
_d8168